Eléments et théorie de l'architecture
Furkejuvvon:
| Váldodahkki: | |
|---|---|
| Materiálatiipa: | Girji |
| Giella: | fránskkagiella |
| Almmustuhtton: |
París
Librairie de la Construction Moderne
1908
|
| Preanttus: | 4a. ed |
| Fáttát: | |
| Fáddágilkorat: |
Lasit fáddágilkoriid
Eai fáddágilkorat, Lasit vuosttaš fáddágilkora!
|
MARC
| LEADER | 00000nam a2200000 a 4500 | ||
|---|---|---|---|
| 001 | UCT3888 | ||
| 003 | CL-VaPUC | ||
| 008 | 961031e19080000FR |||||||||||||||||fre|d | ||
| 082 | 0 | 4 | |a 720.1 |b GUA |2 21 |
| 100 | 0 | |a Guadet, J |e author |9 372946 | |
| 245 | 1 | 0 | |a Eléments et théorie de l'architecture |
| 250 | |a 4a. ed | ||
| 300 | |a 4v | ||
| 942 | |c BK | ||
| 945 | |d 19961031 00:00:00 |a nastorga | ||
| 260 | |a París |b Librairie de la Construction Moderne |c 1908 | ||
| 650 | 0 | |a Arquitectura |9 804558 | |
| 650 | 0 | |a Matemática |9 260235 | |
| 650 | 0 | |a Geometría |9 264063 | |
| 650 | 0 | |a Diseño arquitectónico |9 265271 | |
| 650 | 7 | |a MODELOS |2 CL-VaPUC |9 262523 | |
| 650 | 7 | |a COMPOSICION |2 CL-VaPUC |9 262958 | |
| 650 | 7 | |a ENSEÑANZA DE LA ARQUITECTURA |2 CL-VaPUC |9 337988 | |
| 650 | 0 | |a Construcción |9 260195 | |
| 650 | 7 | |a DECORACION |2 CL-VaPUC |9 358110 | |
| 650 | 0 | |a Edificios |9 260501 | |
| 650 | 0 | |a Monumentos |9 265246 | |
| 650 | 0 | |a Arquitectos |9 268647 | |
| 583 | |a last modification |c 19961031 00:00:00 |k Rodrigo Vera | ||
| 999 | |c 253392 |d 253390 | ||
| 952 | |0 0 |1 0 |4 0 |6 720_100000000000000_GUA_1908 |7 0 |8 P |9 274215 |a BIBARQ |b BIBARQ |d 2019-11-19 |h v.1 |i 3237850 |o 720.1 GUA 1908 |p 3237850 |r 2025-01-20 |w 2019-11-19 |y BK |k ARQ | ||
| 952 | |0 0 |1 0 |4 0 |6 720_100000000000000_GUA_1908 |7 0 |8 P |9 274216 |a BIBARQ |b BIBARQ |d 2019-11-19 |h v.2 |i 3237869 |o 720.1 GUA 1908 |p 3237869 |r 2025-01-20 |w 2019-11-19 |y BK |k ARQ | ||
| 952 | |0 0 |1 0 |4 0 |6 720_100000000000000_GUA_1908 |7 0 |8 P |9 274217 |a BIBARQ |b BIBARQ |d 2019-11-19 |h v.3 |i 3237877 |o 720.1 GUA 1908 |p 3237877 |r 2025-01-20 |w 2019-11-19 |y BK |k ARQ | ||
| 952 | |0 0 |1 0 |4 0 |6 720_100000000000000_GUA_1908 |7 0 |8 P |9 274218 |a BIBARQ |b BIBARQ |d 2019-11-19 |h v.4 |i 3237885 |o 720.1 GUA 1908 |p 3237885 |r 2025-01-20 |w 2019-11-19 |y BK |k ARQ | ||